000 00635nam a22001937a 4500
005 20140607045113.0
008 140607b xxu||||| |||| 00| 0 eng d
020 _a0844250503
024 0 _ceng
080 _a007
100 _9Galvin M. Kathleen
245 _aThe Basics of Speech/
_cKathleen M. Galvin ; Pamela J. Cooper ; Jeanie McKinney Gordon.
250 _a2 st.ed.;
260 _aUnited States of America,
_bNational Textbook Company,
_c1994,
300 _a512 f.:
_bme il.;
_c24 cm,
650 _aKomunikimi,
700 _aPamela J. Cooper ; Jeanie McKinney Gordon.
942 _2udc
_cBK
999 _c486
_d486